000 00399nam a2200121Ia 4500
008 220616s9999||||xx |||||||||||||| ||und||
100 _aStephen Kudom Donyinah
245 0 _aPersistent Organic Pollutants
546 _aEnglish[eng]
650 _aLife Sciences||Environmental Pollution||Environmental Sciences
856 _uhttps://www.intechopen.com/books/persistent-organic-pollutants
942 _cEB
999 _c20052
_d20052